Study on pasteurellosis on duck and theirs antibodies by using ha and HI-test at somroung district, takeo province; ការសិក្សាលើជំងឺអាសន្នរោគទាកាប៉ា និងអង់ទីគ័ររបស់វាតាមរយះ HA and HI-test នៅស្រុកសំរោង ខេត្តតាកែវ (Record no. 7025)

000 -LEADER
fixed length control field 00745nam a22001577a 4500
003 - CONTROL NUMBER IDENTIFIER
control field OSt
005 - DATE AND TIME OF LATEST TRANSACTION
control field 20160224161618.0
008 - FIXED-LENGTH DATA ELEMENTS--GENERAL INFORMATION
fixed length control field 160224b xxu||||| |||| 00| 0 eng d
040 ## - CATALOGING SOURCE
Transcribing agency RUA
082 ## - DEWEY DECIMAL CLASSIFICATION NUMBER
Classification number VEM SON 2014 B434 Or.1
100 ## - MAIN ENTRY--PERSONAL NAME
9 (RLIN) 7438
Personal name SON PEARAK; ស៊ន ភារះ
245 ## - TITLE STATEMENT
Title Study on pasteurellosis on duck and theirs antibodies by using ha and HI-test at somroung district, takeo province; ការសិក្សាលើជំងឺអាសន្នរោគទាកាប៉ា និងអង់ទីគ័ររបស់វាតាមរយះ HA and HI-test នៅស្រុកសំរោង ខេត្តតាកែវ
260 ## - PUBLICATION, DISTRIBUTION, ETC. (IMPRINT)
Place of publication, distribution, etc. Phnom Penh
Name of publisher, distributor, etc. RUA
Date of publication, distribution, etc. 2014
300 ## - PHYSICAL DESCRIPTION
Extent x;35p.
Other physical details ill.
Dimensions 29cm.
942 ## - ADDED ENTRY ELEMENTS (KOHA)
Source of classification or shelving scheme
Koha item type VEM
Holdings
Price effective from Date last seen Permanent Location Not for loan Date acquired Source of classification or shelving scheme Koha item type Lost status Withdrawn status Date last checked out Total Checkouts Shelving location Damaged status Barcode Current Location Full call number
2016-02-242016-02-24Library Block B 2016-02-24 VEM    B434 RUA052732Library Block BVEM SON 2014 B434 Or.1
2016-02-242019-07-13Library Block B 2016-02-24 VEM  2019-06-221B434 RUA052912Library Block BVEM SON 2014 B434 Or.2
2016-02-242019-07-01Library Block B 2016-02-24 VEM  2019-05-241B434 RUA052849Library Block BVEM SON 2014 B434 Or.3
2016-02-242025-12-01Library Block B 2016-02-24 VEM  2025-11-132B434 RUA052910Library Block BVEM SON 2014 B434 Or.4
2016-02-242020-05-20Library Block B 2016-02-24 VEM  2020-04-242B434 RUA052911Library Block BVEM SON 2014 B434 Or.5
2016-02-242016-02-24Library Block B 2016-02-24 VEM    B434 RUA052909Library Block BVEM SON 2014 B434 Or.6
2016-02-242017-07-26Library Block B 2016-02-24 VEM    B434 RUA052972Library Block BVEM SON 2014 B434 Or.7
2016-02-242016-02-24Library Block B 2016-02-24 VEM    B434 RUA053031Library Block BVEM SON 2014 B434 Or.8
2016-02-242016-09-23Library Block B 2016-02-24 VEM  2016-09-142B434 RUA053032Library Block BVEM SON 2014 B434 Or.9
2016-02-242019-12-18Library Block B 2016-02-24 VEM  2019-12-132B434 RUA052769Library Block BVEM SON 2014 B434 Or.10
2016-02-242016-02-24Library Block B 2016-02-24 VEM    B434 RUA052949Library Block BVEM SON 2014 B434 Or.11
2021-10-202021-10-20Library Block B 2021-10-20 VEM    B690 A065872Library Block BVEM SON 2014 B690 Or.1
2021-10-202021-10-20Library Block B 2021-10-20 VEM    B690 A067702Library Block BVEM SON 2014 B690 Or.1
2021-11-102021-11-10Library Block B 2021-11-10 VEM    B692 A065648Library Block BVEM SON 2014 B692 Or.1
មជ្ឈមណ្ឌលឯការនៃសាកលវិទ្យាល័យភូមិន្ទកសិកម្មចំការដូង

Powered by Koha